01046 2200169 4500245009100000020002200091250001100113700001800124650004400142005001900186260003700205041001400242084001300256300002300269500057500292336000900867 aIndonesia Menggugat b : Pembelaan Dihadapan Pengadilan KolonialcMujib HermanihText a978-602-18175-3-7 aCet. 1 aMujib Hermani aSejarah Indonesia pada Periode Soekarno a20230926090600 aJakartabArti Bumi Intaranc2012 aIndonesia a959.8035 a246 hlm. :c25 cm. aBuku ini dihadirkan untuk kepentingan sejarah bagi perjuangan bangsa dan Negara Republik Indonesia tercinta, terutama ditunjukan kepada kaum muda sebagai generasi penerus yang bertanggung jawab agar tercapainya cita-cita luhur rakyat Indonesia seperti yang digariskan dalam Trisakti Soekarno: Berdaulau di bidang politik, berdikari di bidang ekonomi, berkepribadian di bidang kebudayaan.Buku ini memiliki pokok pembahasan, seperti imperialisme dan kapitalisme, imperialisme di Indonesia, pergerakan di Indonesia, Partai Nasional Indonesia, serta Pelanggaran yang Mochal. atext